<?xml version="1.0" encoding="UTF-8"?>
<record
    xmlns:xsi="http://www.w3.org/2001/XMLSchema-instance"
    xsi:schemaLocation="http://www.loc.gov/MARC21/slim http://www.loc.gov/standards/marcxml/schema/MARC21slim.xsd"
    xmlns="http://www.loc.gov/MARC21/slim">

  <leader>01753nam a2200205 a 4500</leader>
  <controlfield tag="008">180206e2004    ag ||||| |||| 00| 0 spa d</controlfield>
  <datafield tag="020" ind1=" " ind2=" ">
    <subfield code="a">9500425920</subfield>
  </datafield>
  <datafield tag="041" ind1=" " ind2=" ">
    <subfield code="a">spa</subfield>
  </datafield>
  <datafield tag="092" ind1=" " ind2=" ">
    <subfield code="c">323.6</subfield>
    <subfield code="l">52</subfield>
    <subfield code="s">MIG</subfield>
  </datafield>
  <datafield tag="100" ind1="1" ind2=" ">
    <subfield code="a">Miguens, Jos&#xE9; Enrique</subfield>
    <subfield code="9">3502</subfield>
  </datafield>
  <datafield tag="245" ind1=" " ind2=" ">
    <subfield code="a">Democracia pr&#xE1;ctica.</subfield>
    <subfield code="b">Para una ciudadan&#xED;a con sentido com&#xFA;n /</subfield>
    <subfield code="c">Jos&#xE9; Enrique Miguens</subfield>
  </datafield>
  <datafield tag="250" ind1=" " ind2=" ">
    <subfield code="a">1a ed.</subfield>
  </datafield>
  <datafield tag="260" ind1=" " ind2=" ">
    <subfield code="a">Buenos Aires:</subfield>
    <subfield code="b">Emece;</subfield>
    <subfield code="c">2004.</subfield>
  </datafield>
  <datafield tag="300" ind1=" " ind2=" ">
    <subfield code="a">275 p.</subfield>
  </datafield>
  <datafield tag="500" ind1=" " ind2=" ">
    <subfield code="a">Miguens, J. E. (2004). Democracia pr&#xE1;ctica. Para una ciudadan&#xED;a con sentido com&#xFA;n. (1a ed.). Buenos Aires : Emec&#xE9;.</subfield>
  </datafield>
  <datafield tag="505" ind1=" " ind2=" ">
    <subfield code="a">A los pueblos que quieren recuperar el protagonismo que les corresponde como ciudadanos, suele opon&#xE9;rseles el argumento de que las cuestiones pol&#xED;ticas son demasiado complejas y que s&#xF3;lo los t&#xE9;cnicos son capaces de manejarlas. Este libro trata de llevar al alcance del p&#xFA;blico, en forma accesible aunque apoy&#xE1;ndose en una s&#xF3;lida documentaci&#xF3;n, los principales procesos y movimientos pol&#xED;ticos, sociales y econ&#xF3;micos que est&#xE1;n ocurriendo hoy en el mundo, especialmente en Argentina. Jos&#xE9; Enrique Miguens evita las abstracciones y juzga las teor&#xED;as a la luz de la pr&#xE1;ctica democr&#xE1;tica. "Si no creemos que los ciudadanos, con su sentido com&#xFA;n y con la sabidur&#xED;a que da la experiencia, pueden encontrar soluciones para los problemas que son de todos dialogando razonablemente entre ellos, no podemos seguir hablando de democracia", afirma. Democracia pr&#xE1;ctica es un libro oportuno, esclarecedor y esperanzado, que quiere contribuir a transformar a sus lectores de espectadores pasivos en ciudadanos activos, comprometidos con su destino y con su tiempo. </subfield>
  </datafield>
  <datafield tag="590" ind1=" " ind2=" ">
    <subfield code="a">DONACION MARIA VITARELLI DIC/2017.</subfield>
  </datafield>
  <datafield tag="655" ind1=" " ind2=" ">
    <subfield code="a">Literatura</subfield>
    <subfield code="9">2917</subfield>
  </datafield>
  <datafield tag="942" ind1=" " ind2=" ">
    <subfield code="2">ddc</subfield>
    <subfield code="c">LIT</subfield>
  </datafield>
  <datafield tag="999" ind1=" " ind2=" ">
    <subfield code="c">2637</subfield>
    <subfield code="d">2637</subfield>
  </datafield>
  <datafield tag="952" ind1=" " ind2=" ">
    <subfield code="0">0</subfield>
    <subfield code="1">0</subfield>
    <subfield code="2">ddc</subfield>
    <subfield code="4">0</subfield>
    <subfield code="7">0</subfield>
    <subfield code="a">BFM</subfield>
    <subfield code="b">BFM</subfield>
    <subfield code="c">CR</subfield>
    <subfield code="d">2018-02-06</subfield>
    <subfield code="e">Donacion</subfield>
    <subfield code="l">0</subfield>
    <subfield code="o">323.6  52 MIG</subfield>
    <subfield code="p">4161</subfield>
    <subfield code="r">2018-02-06</subfield>
    <subfield code="t">Ej. 1</subfield>
    <subfield code="w">2018-02-06</subfield>
    <subfield code="y">LIT</subfield>
    <subfield code="z">DONACION MARIA VITARELLI DIC/2017.</subfield>
  </datafield>
</record>
